[Event "XXXI Memorial Edoardo Crespi B"]
[Site "Milano ITA"]
[Date "2010.12.08"]
[Round "7"]
[White "Riccio, Luigi"]
[Black "Bonassi, Tommaso"]
[Result "1-0"]
[WhiteElo "1929"]
[BlackElo "1819"]
[PlyCount "93"]
[EventDate "2010.12.04"]

1. e4 c5 2. Nc3 a6 3. Nge2 d6 4. g3 b5 5. Bg2 Bb7 6. O-O Nf6 7. d3 e6 8. h3 Be7
9. Be3 Qc7 10. g4 d5 11. g5 d4 12. gxf6 Bxf6 13. Bf4 e5 14. Bg3 dxc3 15. Nxc3
Nd7 16. Nd5 Bxd5 17. exd5 Rd8 18. c4 Nb6 19. b3 Qd7 20. Qg4 O-O 21. Rae1 Rfe8
22. Re3 Re7 23. Rfe1 Qxg4 24. hxg4 Rde8 25. d6 Re6 26. Bc6 Rf8 27. Bxe5 bxc4
28. Bxf6 Rxf6 29. Re8 g6 30. d7 Nxd7 31. Bxd7 cxd3 32. Kg2 Rd6 33. Rxf8+ Kxf8
34. Ba4 d2 35. Rd1 h5 36. gxh5 gxh5 37. Kf3 h4 38. Ke2 h3 39. Rh1 h2 40. Kd1 c4
41. bxc4 Rd4 42. Bb3 a5 43. Rxh2 a4 44. Bxa4 Rxc4 45. Bb5 Rb4 46. a4 Rb2 47.
Rh3 1-0

[Event "XXXI Memorial Edoardo Crespi B"]
[Site "Milano ITA"]
[Date "2010.12.08"]
[Round "7"]
[White "Trent, Alan M."]
[Black "Moroni, Luca jr"]
[Result "1/2-1/2"]
[WhiteElo "1816"]
[BlackElo "1744"]
[PlyCount "117"]
[EventDate "2010.12.04"]

1. e4 c5 2. Nc3 d6 3. f4 Nc6 4. Nf3 e6 5. Bb5 Bd7 6. O-O Be7 7. d3 a6 8. Bxc6
Bxc6 9. Qe1 Nf6 10. Nd1 O-O 11. Ne3 b5 12. g4 d5 13. g5 Nd7 14. e5 d4 15. Ng4
Qb6 16. Qg3 Kh8 17. Nh4 Qd8 18. Qh3 g6 19. Nf3 Nb6 20. Nf6 Bxf6 21. gxf6 h5 22.
f5 exf5 23. Bh6 Rg8 24. Ng5 Qd7 25. Qh4 Nd5 26. Bg7+ Rxg7 27. fxg7+ Kxg7 28.
Rae1 Ne3 29. Rf2 Qd5 30. Nf3 Ng4 31. Rff1 Ne3 32. Rf2 Re8 33. c4 bxc4 34. dxc4
Qe6 35. Qf6+ Qxf6 36. exf6+ Kxf6 37. Nd2 Kg7 38. b3 a5 39. Nf1 Ng4 40. Rfe2
Rxe2 41. Rxe2 Be4 42. h3 Ne5 43. Nd2 d3 44. Re3 g5 45. Kf2 g4 46. Nxe4 fxe4 47.
Rxe4 f6 48. hxg4 hxg4 49. a3 Kf7 50. b4 axb4 51. axb4 cxb4 52. c5 Ke6 53. Rxb4
Kd5 54. Rf4 Kxc5 55. Rxf6 g3+ 56. Kxg3 d2 57. Rf1 Kd4 58. Rd1 Ke3 59. Rxd2
1/2-1/2

[Event "XXXI Memorial Edoardo Crespi B"]
[Site "Milano ITA"]
[Date "2010.12.08"]
[Round "7"]
[White "Viale, Fabio"]
[Black "Biava, Pierluigi"]
[Result "1/2-1/2"]
[WhiteElo "1822"]
[BlackElo "1743"]
[PlyCount "87"]
[EventDate "2010.12.04"]

1. d4 Nf6 2. c4 e6 3. Nc3 Bb4 4. e3 O-O 5. Bd3 c5 6. Nf3 cxd4 7. exd4 d5 8. O-O
dxc4 9. Bxc4 Qc7 10. Qb3 Nc6 11. a3 Bxc3 12. Qxc3 Na5 13. Bd3 Qxc3 14. bxc3 Nb3
15. Rb1 Nxc1 16. Rfxc1 b6 17. Ne5 Bb7 18. f3 Rfd8 19. a4 Rab8 20. Rb2 Nd5 21.
Be4 f6 22. Nd3 f5 23. Bxd5 Bxd5 24. Ne5 Ba8 25. Kf2 Rbc8 26. Ke3 f4+ 27. Kd2 g5
28. Rb5 Rd5 29. Rcb1 h6 30. Kd3 Bc6 31. Nxc6 Rxc6 32. c4 Rd7 33. a5 Rcd6 34.
axb6 Rxd4+ 35. Kc3 Rd3+ 36. Kb4 axb6 37. Rxb6 Kf7 38. Rb2 Rc7 39. c5 Ke7 40.
Kc4 Rd5 41. R2b5 Rd2 42. Rb2 Rd5 43. R2b5 Rd2 44. Rb2 1/2-1/2

[Event "XXXI Memorial Edoardo Crespi B"]
[Site "Milano ITA"]
[Date "2010.12.08"]
[Round "7"]
[White "Villa, Giorgio"]
[Black "Attuati, Stefano"]
[Result "0-1"]
[WhiteElo "1732"]
[BlackElo "1987"]
[PlyCount "114"]
[EventDate "2010.12.04"]

1. d4 Nf6 2. Nf3 g6 3. c4 Bg7 4. g3 O-O 5. Bg2 d6 6. Nc3 Nbd7 7. O-O e5 8. e4
a5 9. h3 exd4 10. Nxd4 Nc5 11. Be3 Re8 12. Qc2 c6 13. Rfe1 Qe7 14. f4 Nfxe4 15.
Nxe4 Nxe4 16. Bxe4 Qxe4 17. Bf2 Qxe1+ 18. Rxe1 Rxe1+ 19. Bxe1 Bxd4+ 20. Kg2 Bf5
21. Qd2 Be4+ 22. Kf1 c5 23. Bf2 Bxf2 24. Kxf2 Ra6 25. Qe1 f5 26. g4 a4 27. gxf5
gxf5 28. h4 Kf7 29. Qc3 d5 30. cxd5 Bxd5 31. Qxc5 Be4 32. Qc7+ Kg6 33. Qe7 h6
34. Qe8+ Kg7 35. Ke3 Kf6 36. h5 Kg7 37. Qe7+ Kg8 38. a3 Rc6 39. Kd4 Ra6 40. Qb4
Kf7 41. Qc4+ Ke7 42. Qc7+ Ke8 43. Qe5+ Kd7 44. Qg7+ Ke8 45. Ke5 Kd8 46. Qg8+
Kc7 47. Qf7+ Kc8 48. Qc4+ Kb8 49. Qxa6 bxa6 50. Kf6 Kc7 51. Kg6 Kd6 52. Kxh6
Bf3 53. Kg6 Bxh5+ 54. Kxh5 Kd5 55. Kg6 Ke4 56. Kg5 a5 57. b4 axb3 0-1

[Event "XXXI Memorial Edoardo Crespi B"]
[Site "Milano ITA"]
[Date "2010.12.08"]
[Round "7"]
[White "Villalba, Fernando"]
[Black "Olivo, Mario"]
[Result "0-1"]
[WhiteElo "1889"]
[BlackElo "1818"]
[PlyCount "88"]
[EventDate "2010.12.04"]

1. d4 Nf6 2. Nf3 e6 3. Bf4 b6 4. e3 Bb7 5. Nbd2 d5 6. Be2 Nbd7 7. O-O Be7 8. c4
Nh5 9. Be5 f6 10. Bg3 Nxg3 11. hxg3 O-O 12. cxd5 exd5 13. Qc2 Re8 14. Bd3 Nf8
15. Nb3 Bd6 16. Nh4 a5 17. Nf5 a4 18. Nd2 c6 19. Rac1 g6 20. Nh4 Kg7 21. Rfe1
Qd7 22. e4 dxe4 23. Nxe4 Bb4 24. Rf1 Qxd4 25. Nf3 Qd5 26. a3 Be7 27. Nc3 Qa5
28. Qb1 b5 29. Rfd1 Rad8 30. Be4 Qb6 31. Qc2 Rxd1+ 32. Rxd1 Bc5 33. Na2 Bxf2+
34. Qxf2 Qxf2+ 35. Kxf2 Rxe4 36. Nb4 Rc4 37. Rd6 c5 38. Nd3 Rc2+ 39. Ke3 Bxf3
40. gxf3 c4 41. Nb4 Rxb2 42. Rd8 Rb3+ 43. Ke4 f5+ 44. Ke5 Re3+ 0-1

[Event "XXXI Memorial Edoardo Crespi C"]
[Site "Milano ITA"]
[Date "2010.12.04"]
[Round "1"]
[White "Dei Giudici, Paolo"]
[Black "Krasnov, Daniyil"]
[Result "1-0"]
[WhiteElo "1670"]
[BlackElo "1452"]
[PlyCount "57"]
[EventDate "2010.12.04"]

1. e4 c5 2. Nf3 d6 3. d4 cxd4 4. Nxd4 Nf6 5. Nc3 g6 6. Be2 Bg7 7. Be3 O-O 8. h3
Nc6 9. Qd2 Re8 10. O-O-O Bd7 11. g4 Nxd4 12. Bxd4 Qa5 13. Bc4 Rac8 14. Bb3 Bc6
15. Qe2 Bb5 16. Qxb5 Qc7 17. g5 Nh5 18. Bxg7 Nxg7 19. Nd5 Qd8 20. f4 Rc5 21.
Qxb7 Ne6 22. h4 Qa5 23. h5 Rec8 24. Nxe7+ Kf8 25. Nxc8 Rb5 26. Qe7+ Kg8 27. h6
Rxb3 28. Qe8+ Nf8 29. Ne7+ 1-0

[Event "XXXI Memorial Edoardo Crespi C"]
[Site "Milano ITA"]
[Date "2010.12.05"]
[Round "2"]
[White "Beltrami, Francesco"]
[Black "Dei Giudici, Paolo"]
[Result "1-0"]
[WhiteElo "1724"]
[BlackElo "1670"]
[PlyCount "85"]
[EventDate "2010.12.04"]

1. Nf3 Nc6 2. d4 e6 3. e4 d6 4. Bb5 a6 5. Ba4 b5 6. Bb3 Na5 7. c3 Nxb3 8. Qxb3
Bb7 9. d5 exd5 10. exd5 Nf6 11. c4 c6 12. dxc6 Bxc6 13. Nd4 bxc4 14. Qxc4 Bd5
15. Qa4+ Qd7 16. Qxd7+ Nxd7 17. O-O Be7 18. Nc3 Bb7 19. Re1 Ne5 20. Nf5 Kd7 21.
Nxe7 Rhe8 22. Bg5 f6 23. Ned5 Bxd5 24. Nxd5 Kc6 25. Nb4+ Kb5 26. Bd2 Nc4 27.
Bc3 Nxb2 28. Nd5 Rxe1+ 29. Rxe1 Kc5 30. Nc7 Ra7 31. Bxb2 Rxc7 32. Rc1+ Kb6 33.
Bd4+ Kb7 34. Rxc7+ Kxc7 35. Kf1 Kc6 36. Ke2 Kb5 37. Kd3 Kb4 38. Bb2 Kc5 39.
Ba3+ Kc6 40. h4 Kd5 41. g3 f5 42. Bb4 g6 43. a3 1-0

[Event "XXXI Memorial Edoardo Crespi C"]
[Site "Milano ITA"]
[Date "2010.12.05"]
[Round "3"]
[White "Dei Giudici, Paolo"]
[Black "Ragoso, Mario"]
[Result "1-0"]
[WhiteElo "1670"]
[BlackElo "1696"]
[PlyCount "55"]
[EventDate "2010.12.04"]

1. e4 e5 2. Nf3 Nc6 3. Bc4 Nf6 4. Ng5 d5 5. exd5 Nd4 6. c3 b5 7. Bf1 Nxd5 8.
cxd4 Qxg5 9. Bxb5+ Kd8 10. O-O Rb8 11. Bc6 e4 12. d3 Nf4 13. Bxe4 Bg4 14. Qd2
Ne2+ 15. Qxe2 Qxc1 16. Qxg4 Qxb2 17. Bc6 f5 18. Qxf5 Qxd4 19. Qd5+ Qxd5 20.
Bxd5 Be7 21. Nc3 Bf6 22. Rac1 Rb2 23. Rfe1 Bd4 24. Ne4 Rf8 25. Rb1 Bxf2+ 26.
Nxf2 Rfxf2 27. Rxb2 Rxb2 28. Bc6 1-0

[Event "XXXI Memorial Edoardo Crespi C"]
[Site "Milano ITA"]
[Date "2010.12.08"]
[Round "5"]
[White "Dei Giudici, Paolo"]
[Black "Condorelli, Roberto"]
[Result "1-0"]
[WhiteElo "1670"]
[BlackElo "1694"]
[PlyCount "67"]
[EventDate "2010.12.04"]

1. e4 c6 2. d4 d5 3. Nc3 dxe4 4. Nxe4 Nd7 5. Be3 Ngf6 6. Nxf6+ Nxf6 7. Nf3 Bg4
8. Be2 e6 9. h3 Bh5 10. O-O Be7 11. Re1 O-O 12. a3 Qc7 13. c3 Rfd8 14. Ne5 Bxe2
15. Qxe2 Nd5 16. Rad1 c5 17. Qf3 Bf6 18. Ng4 c4 19. Nxf6+ gxf6 20. Bh6 Kh8 21.
Re4 Rg8 22. Rh4 Rg6 23. Qh5 Qd8 24. Re1 Ne7 25. Bf8 h6 26. Bxh6 Kg8 27. Bf4 Kf8
28. Rg4 Ke8 29. Rxg6 Nxg6 30. Bg3 Qb6 31. Re2 Rd8 32. Qf3 Ke7 33. h4 Rd5 34.
Qxd5 1-0

[Event "XXXI Memorial Edoardo Crespi C"]
[Site "Milano ITA"]
[Date "2010.12.08"]
[Round "6"]
[White "Zermian, Federico"]
[Black "Dei Giudici, Paolo"]
[Result "1-0"]
[WhiteElo "1646"]
[BlackElo "1670"]
[PlyCount "77"]
[EventDate "2010.12.04"]

1. e4 e5 2. Nf3 Nc6 3. Bb5 a6 4. Ba4 b5 5. Bb3 Nf6 6. d3 h6 7. Be3 d6 8. h3 Be7
9. Nc3 Na5 10. Nd2 Nxb3 11. Nxb3 Bb7 12. Na5 Qc8 13. Nxb7 Qxb7 14. O-O O-O 15.
f4 exf4 16. Bxf4 b4 17. Ne2 Nd7 18. Qd2 Qb6+ 19. Kh1 Ne5 20. Be3 c5 21. Rf2 Qd8
22. Raf1 Bg5 23. Nf4 Qd7 24. Nd5 Bxe3 25. Qxe3 Rae8 26. Qg3 Kh7 27. Rf6 Re6 28.
R6f5 Rg6 29. Qf4 Qa4 30. b3 Qxa2 31. Qd2 Qb2 32. Nf4 Rg5 33. Rxg5 hxg5 34. Ne6
Re8 35. Nxg5+ Kg8 36. Qf2 Re7 37. Qh4 Ng6 38. Qh7+ Kf8 39. Qxg6 1-0

[Event "XXXI Memorial Edoardo Crespi C"]
[Site "Milano ITA"]
[Date "2010.12.08"]
[Round "7"]
[White "Dei Giudici, Paolo"]
[Black "D'Urbino, Ilan"]
[Result "1-0"]
[WhiteElo "1670"]
[BlackElo "1756"]
[PlyCount "49"]
[EventDate "2010.12.04"]

1. e4 c5 2. Nf3 d6 3. d4 cxd4 4. Nxd4 Nf6 5. Nc3 a6 6. Be2 e5 7. Nb3 Be7 8. Be3
O-O 9. O-O Nbd7 10. f3 b6 11. Nd5 Bb7 12. Qd2 Nxd5 13. exd5 f5 14. f4 Nf6 15.
fxe5 Nxd5 16. exd6 Bxd6 17. Bc4 Kh8 18. Bxd5 Bxd5 19. Rad1 Qh4 20. Bf4 Rad8 21.
Bxd6 Rxd6 22. Rf4 Qg5 23. Rd4 Qxd2 24. R1xd2 Rfd8 25. c4 1-0

[Event "V Open A"]
[Site "Assisi ITA"]
[Date "2010.12.17"]
[Round "1"]
[White "Calandri, Fausto"]
[Black "Zenatto, Giuliano"]
[Result "1-0"]
[WhiteElo "2125"]
[BlackElo "1775"]
[PlyCount "43"]
[EventDate "2010.12.17"]

1. e4 c5 2. Nf3 d6 3. d4 cxd4 4. Nxd4 Nf6 5. Nc3 a6 6. Be2 Nbd7 7. Be3 e6 8.
O-O Be7 9. f4 O-O 10. Bf3 Qc7 11. Qe1 Re8 12. Qg3 Nc5 13. Rad1 Qa5 14. Nb3 Nxb3
15. axb3 Rd8 16. Bd4 Ne8 17. Qf2 Rd7 18. Na4 Rb8 19. Bb6 Qb4 20. Rd4 Qb5 21.
Be2 Qc6 22. Rc4 1-0

[Event "V Open A"]
[Site "Assisi ITA"]
[Date "2010.12.17"]
[Round "1"]
[White "Cicioni, Luigi"]
[Black "Madiai, Federico"]
[Result "0-1"]
[WhiteElo "1815"]
[BlackElo "2135"]
[PlyCount "75"]
[EventDate "2010.12.17"]

1. e4 e5 2. d4 Nc6 3. d5 Nce7 4. Nf3 Ng6 5. Bd3 Bc5 6. Be3 Bxe3 7. fxe3 Nf6 8.
Nc3 c6 9. Qd2 d6 10. h4 Bg4 11. Be2 cxd5 12. exd5 Qa5 13. b4 Qd8 14. Ng5 h6 15.
Nge4 Nxe4 16. Nxe4 Bf5 17. Bb5+ Kf8 18. Bd3 Ne7 19. c4 a5 20. Rf1 Bg6 21. Qf2
Kg8 22. g4 h5 23. Ng5 f6 24. Ne6 Qb6 25. Bxg6 Qxb4+ 26. Kd1 Nxg6 27. g5 Qxc4
28. Qf3 e4 29. Qh3 Qxd5+ 30. Ke1 Ne5 31. gxf6 Nf3+ 32. Rxf3 exf3 33. Nc7 Qc4
34. f7+ Kh7 35. Qf5+ g6 36. Qxf3 Qxc7 37. Rb1 Qc3+ 38. Kf2 0-1

[Event "V Open A"]
[Site "Assisi ITA"]
[Date "2010.12.17"]
[Round "1"]
[White "Epishin, Vladimir V."]
[Black "Marsili, Riccardo"]
[Result "1-0"]
[WhiteElo "2591"]
[BlackElo "1938"]
[PlyCount "37"]
[EventDate "2010.12.17"]

1. d4 Nf6 2. Nf3 c5 3. d5 d6 4. Nc3 e5 5. e4 Be7 6. Be2 O-O 7. O-O Nbd7 8. a4
a6 9. b3 Ne8 10. Ba3 f5 11. exf5 Rxf5 12. Nd2 Rf8 13. b4 b6 14. Rb1 Qc7 15.
Nce4 Bb7 16. c4 b5 17. Qb3 bxc4 18. Bxc4 Rb8 19. bxc5 1-0

[Event "V Open A"]
[Site "Assisi ITA"]
[Date "2010.12.17"]
[Round "1"]
[White "Pastore, Cosmas"]
[Black "Leon Hoyos, Manuel"]
[Result "0-1"]
[WhiteElo "1841"]
[BlackElo "2570"]
[PlyCount "52"]
[EventDate "2010.12.17"]

1. e4 c5 2. c3 g6 3. d4 cxd4 4. cxd4 d5 5. e5 Nc6 6. f4 Nh6 7. Nf3 Bg4 8. Be2
Nf5 9. O-O e6 10. Nc3 Bxf3 11. Bxf3 Nfxd4 12. Be3 Nxf3+ 13. Qxf3 Be7 14. Nb5 a6
15. Nd4 Rc8 16. Rac1 O-O 17. a3 Qd7 18. Qh3 Nxd4 19. Bxd4 Rc4 20. Rxc4 dxc4 21.
Qe3 Rd8 22. Bc3 Qd5 23. Kh1 Bc5 24. Qg3 Qe4 25. h4 Rd3 26. Qg5 Rh3# 0-1

[Event "V Open A"]
[Site "Assisi ITA"]
[Date "2010.12.18"]
[Round "2"]
[White "Leon Hoyos, Manuel"]
[Black "Aleksic, Nenad"]
[Result "1-0"]
[WhiteElo "2570"]
[BlackElo "2359"]
[PlyCount "77"]
[EventDate "2010.12.17"]

1. e4 c5 2. Nf3 d6 3. d4 cxd4 4. Nxd4 Nf6 5. Nc3 a6 6. h3 e6 7. g4 b5 8. Bg2
Bb7 9. O-O Nfd7 10. Re1 Be7 11. a4 bxa4 12. e5 d5 13. Nxa4 Qc7 14. f4 Nc6 15.
Be3 Nxd4 16. Bxd4 O-O 17. Qd2 Rfc8 18. c3 Nc5 19. Nxc5 Bxc5 20. f5 Qe7 21. Kh1
Bxd4 22. cxd4 Bc6 23. Rf1 Bb5 24. Rf4 Rc7 25. f6 Qf8 26. fxg7 Qxg7 27. Rf6 Rac8
28. Qf4 Rc2 29. b4 Rb2 30. Bf1 Rxb4 31. Bxb5 axb5 32. Rf1 Rc7 33. h4 h6 34. Kg1
Rbc4 35. g5 hxg5 36. hxg5 Qh7 37. g6 Qh5 38. gxf7+ Kf8 39. Rh6 1-0

[Event "V Open A"]
[Site "Assisi ITA"]
[Date "2010.12.18"]
[Round "2"]
[White "Madiai, Federico"]
[Black "Epishin, Vladimir V."]
[Result "1-0"]
[WhiteElo "2135"]
[BlackElo "2591"]
[PlyCount "85"]
[EventDate "2010.12.17"]

1. e4 c5 2. Nf3 Nc6 3. c3 Nf6 4. e5 Nd5 5. Bc4 Nb6 6. Bb3 c4 7. Bc2 Qc7 8. Qe2
g5 9. Na3 Bg7 10. Nxc4 g4 11. Nh4 Nxc4 12. Qxc4 Qxe5+ 13. Qe2 e6 14. d4 Qxe2+
15. Kxe2 Bf6 16. g3 b5 17. f3 Bb7 18. Rf1 h5 19. fxg4 Bxh4 20. gxh4 hxg4 21.
Bg5 f5 22. Kd2 Ne7 23. Rae1 Kf7 24. Bd1 Bf3 25. Bxf3 gxf3 26. Rxf3 Rh5 27. Re5
Rb8 28. Rc5 Rb7 29. Bxe7 Kxe7 30. Re3 b4 31. Rce5 Rxh4 32. Re2 bxc3+ 33. Kxc3
Rh3+ 34. Kc2 Kf6 35. Ra5 Rb4 36. d5 Rc4+ 37. Kb1 Re4 38. Rf2 Re5 39. Rxa7 Rxd5
40. Ra8 Rd4 41. a4 f4 42. a5 Ke7 43. a6 1-0

[Event "V Open A"]
[Site "Assisi ITA"]
[Date "2010.12.18"]
[Round "2"]
[White "Marsili, Riccardo"]
[Black "Calandri, Fausto"]
[Result "1/2-1/2"]
[WhiteElo "1938"]
[BlackElo "2125"]
[PlyCount "104"]
[EventDate "2010.12.17"]

1. e4 d5 2. exd5 Qxd5 3. Nc3 Qa5 4. Nf3 Nf6 5. d4 c6 6. Bd3 Bg4 7. O-O e6 8.
Ne4 Nbd7 9. h3 Bh5 10. Ng3 Bg6 11. c4 Bd6 12. Re1 O-O 13. Bxg6 hxg6 14. Qe2 Qc7
15. Ne4 Nxe4 16. Qxe4 Nf6 17. Qh4 c5 18. Bg5 cxd4 19. Bxf6 gxf6 20. Qxf6 Rfd8
21. Nxd4 Bf8 22. Nf3 Bg7 23. Qh4 Rac8 24. Rac1 Qa5 25. Qe7 Bxb2 26. Rb1 Ba3 27.
Qxb7 Rxc4 28. Ne5 Rc7 29. Qf3 Rdc8 30. Qf6 Bb2 31. Re2 Rc1+ 32. Rxc1 Rxc1+ 33.
Kh2 Bxe5+ 34. Qxe5 Qxe5+ 35. Rxe5 Rc2 36. Ra5 Rxf2 37. Rxa7 Kg7 38. Kg3 Rb2 39.
Kf3 g5 40. Kg3 Kg6 41. Ra5 f6 42. Kf3 Rc2 43. a4 Ra2 44. g4 Ra3+ 45. Kg2 f5 46.
gxf5+ exf5 47. Ra6+ Kh5 48. a5 f4 49. Ra8 Kh6 50. a6 Kg7 51. a7 Kh7 52. Kf2 Kg7
1/2-1/2

[Event "V Open A"]
[Site "Assisi ITA"]
[Date "2010.12.18"]
[Round "2"]
[White "Occhioni, Edmondo"]
[Black "Cicioni, Luigi"]
[Result "1/2-1/2"]
[WhiteElo "1826"]
[BlackElo "1815"]
[PlyCount "79"]
[EventDate "2010.12.17"]

1. e4 c5 2. Nf3 e6 3. d4 cxd4 4. Nxd4 Nf6 5. Nc3 Nc6 6. Bf4 Bb4 7. Ndb5 O-O 8.
a3 Bxc3+ 9. Nxc3 d5 10. exd5 exd5 11. Be2 a6 12. O-O d4 13. Na2 Qb6 14. Rb1 Be6
15. Nc1 Rad8 16. Nd3 Nd5 17. Bg3 Rfe8 18. Ne5 Nce7 19. Bd3 Bf5 20. Bxf5 Nxf5
21. Nf3 h5 22. Be5 Nf6 23. Qd3 g6 24. Rfd1 Rd5 25. Bxd4 Nxd4 26. Nxd4 Red8 27.
c3 Ng4 28. h3 Ne5 29. Qc2 Qf6 30. b3 Qg5 31. Kf1 Qf4 32. Ne2 Qh4 33. Rxd5 Rxd5
34. Rd1 Qd8 35. Rxd5 Qxd5 36. Nd4 Qc5 37. a4 Nc6 38. Nxc6 Qxc6 39. Qd3 Qe6 40.
Qd8+ 1/2-1/2

[Event "V Open A"]
[Site "Assisi ITA"]
[Date "2010.12.18"]
[Round "2"]
[White "Zenatto, Giuliano"]
[Black "Pastore, Cosmas"]
[Result "0-1"]
[WhiteElo "1775"]
[BlackElo "1841"]
[PlyCount "146"]
[EventDate "2010.12.17"]

1. d4 d5 2. c4 c6 3. Nf3 Nf6 4. e3 e6 5. Bd3 dxc4 6. Bxc4 b5 7. Bd3 Bb7 8. O-O
a6 9. a3 c5 10. dxc5 Bxc5 11. b4 Be7 12. Qe2 O-O 13. Rd1 Nfd7 14. Bb2 Bf6 15.
Bxf6 Qxf6 16. Nbd2 Ne5 17. Nxe5 Qxe5 18. Nf3 Qf6 19. Rac1 Bxf3 20. Qxf3 Qxf3
21. gxf3 Ra7 22. Be2 Nd7 23. Rc6 Nf6 24. e4 Rfa8 25. Rdc1 h6 26. Bd3 g6 27. e5
Nd5 28. Be4 Rd8 29. Rc8 Rxc8 30. Rxc8+ Kg7 31. Bxd5 exd5 32. Rd8 Rc7 33. Rd6
Rc3 34. Rxa6 Rxf3 35. Rd6 Rd3 36. Kf1 Kf8 37. Ke2 Rd4 38. f3 Rh4 39. Rxd5 Rxh2+
40. Ke3 Ra2 41. Rxb5 Rxa3+ 42. Kf4 Rb3 43. Rb7 h5 44. b5 Rb4+ 45. Kg3 g5 46. b6
Rb5 47. Rb8+ Kg7 48. b7 Rb3 49. Kg2 h4 50. Kh3 Rxf3+ 51. Kg4 Rb3 52. Kxg5 h3
53. Ra8 Rxb7 54. Ra1 Rb8 55. Rh1 Rh8 56. Rh2 Rh7 57. Kg4 Kg6 58. Kf4 Rh4+ 59.
Kf3 Rh7 60. Kf4 Rh8 61. Kg4 Rh5 62. Kf4 Rh4+ 63. Kf3 Kf5 64. Kg3 Rh7 65. Rxh3
Rxh3+ 66. Kxh3 Kxe5 67. Kg3 Ke4 68. Kf2 Kf4 69. Ke2 Kg3 70. Ke3 f5 71. Ke2 f4
72. Kf1 Kf3 73. Ke1 Kg2 0-1

[Event "V Open A"]
[Site "Assisi ITA"]
[Date "2010.12.18"]
[Round "3"]
[White "Calandri, Fausto"]
[Black "Aleksic, Nenad"]
[Result "0-1"]
[WhiteElo "2125"]
[BlackElo "2359"]
[PlyCount "44"]
[EventDate "2010.12.17"]

1. e4 c5 2. c3 b6 3. d4 Bb7 4. Nd2 e6 5. Ngf3 Nf6 6. Bd3 d6 7. Qe2 Be7 8. O-O
cxd4 9. cxd4 Nbd7 10. a3 O-O 11. b4 a6 12. Bb2 b5 13. Nb3 Nb6 14. Na5 Qd7 15.
Rac1 Rac8 16. Nxb7 Qxb7 17. Nd2 Na4 18. Ba1 Rc7 19. Nb3 Rfc8 20. Rxc7 Qxc7 21.
f3 Nd7 22. Qd2 22... Ndb6 {phone default} 0-1

[Event "V Open A"]
[Site "Assisi ITA"]
[Date "2010.12.18"]
[Round "3"]
[White "Cicioni, Luigi"]
[Black "Marsili, Riccardo"]
[Result "0-1"]
[WhiteElo "1815"]
[BlackElo "1938"]
[PlyCount "78"]
[EventDate "2010.12.17"]

1. e4 c5 2. Nf3 Nc6 3. d4 cxd4 4. Nxd4 g6 5. Be3 Bg7 6. Be2 Nf6 7. f3 O-O 8. c3
d5 9. Nxc6 bxc6 10. e5 Nd7 11. f4 f6 12. exf6 exf6 13. O-O Re8 14. Bf2 Qc7 15.
Bf3 Ba6 16. Re1 Qxf4 17. Na3 Ne5 18. Be2 Bxe2 19. Rxe2 Qf5 20. Nc2 Nd3 21. Nd4
Nxf2 22. Rxf2 Qd7 23. Qa4 Rac8 24. Rd1 Re4 25. Re2 f5 26. Rde1 Bxd4+ 27. cxd4
Kh8 28. h3 Qb7 29. Qa3 Qg7 30. Kh1 Qxd4 31. Rxe4 dxe4 32. Qa6 Qd7 33. Qa5 Re8
34. Qc3+ Kg8 35. Qb3+ Qd5 36. Qa4 e3 37. Qxa7 Qd2 38. Rxe3 Qxe3 39. Qd7 Qe1+
0-1

[Event "V Open A"]
[Site "Assisi ITA"]
[Date "2010.12.18"]
[Round "3"]
[White "Epishin, Vladimir V."]
[Black "Occhioni, Edmondo"]
[Result "1-0"]
[WhiteElo "2591"]
[BlackElo "1826"]
[PlyCount "47"]
[EventDate "2010.12.17"]

1. d4 d5 2. c4 e6 3. Nc3 c5 4. cxd5 exd5 5. Nf3 Nc6 6. g3 Nf6 7. Bg2 cxd4 8.
Nxd4 Be7 9. O-O O-O 10. Be3 Re8 11. Rc1 Bg4 12. h3 Be6 13. Nxe6 fxe6 14. Na4
Bd6 15. Bc5 Rc8 16. e4 b6 17. exd5 Nxd5 18. Bxd5 bxc5 19. Bxc6 Rxc6 20. Qe2 Qf6
21. Rc4 Be5 22. b4 Bd4 23. Nxc5 e5 24. Rxd4 1-0

[Event "V Open A"]
[Site "Assisi ITA"]
[Date "2010.12.18"]
[Round "3"]
[White "Madiai, Federico"]
[Black "Leon Hoyos, Manuel"]
[Result "0-1"]
[WhiteElo "2135"]
[BlackElo "2570"]
[PlyCount "94"]
[EventDate "2010.12.17"]

1. e4 g6 2. d4 Bg7 3. Nc3 d6 4. Be3 a6 5. Qd2 b5 6. h4 Nf6 7. f3 h5 8. Nh3 Nbd7
9. a4 b4 10. Nd1 a5 11. Ndf2 Bb7 12. c3 bxc3 13. bxc3 e5 14. d5 O-O 15. Bb5 Rc8
16. Rb1 c6 17. Be2 Qc7 18. c4 Ba6 19. O-O cxd5 20. cxd5 Bxe2 21. Qxe2 Qc4 22.
Qd2 Qxa4 23. Ra1 Qb4 24. Rxa5 Qxd2 25. Bxd2 Nc5 26. Rb1 Nfd7 27. Nd1 Rb8 28.
Rab5 Ra8 29. Nhf2 f5 30. Bg5 Rf7 31. Ne3 fxe4 32. Nxe4 Nxe4 33. fxe4 Nc5 34.
Rxc5 dxc5 35. Rb6 Ra1+ 36. Kh2 Ra4 37. Rxg6 Rxe4 38. Rc6 Bf8 39. d6 Rd4 40.
Rxc5 Bxd6 41. Rc8+ Kg7 42. Re8 e4+ 43. Kh3 Ra4 44. Re6 Bc7 45. Rh6 Ra3 46. Re6
Ra2 47. Rxe4 Rf3+ 0-1

[Event "V Open A"]
[Site "Assisi ITA"]
[Date "2010.12.20"]
[Round "4"]
[White "Aleksic, Nenad"]
[Black "Madiai, Federico"]
[Result "1-0"]
[WhiteElo "2359"]
[BlackElo "2135"]
[PlyCount "99"]
[EventDate "2010.12.17"]

1. e4 e5 2. Nf3 Nc6 3. d3 Nf6 4. Be2 g6 5. O-O Bg7 6. c3 O-O 7. b4 d5 8. Qc2
Re8 9. Bb2 Nh5 10. g3 Bg4 11. Nbd2 d4 12. cxd4 exd4 13. a3 Ne5 14. Rfe1 Nxf3+
15. Nxf3 Qd7 16. Rac1 c6 17. Qc5 Bf6 18. e5 Rad8 19. exf6 Rxe2 20. Ne5 Qe6 21.
Rxe2 Bxe2 22. Bxd4 Nxf6 23. Bb2 Bxd3 24. Nxd3 Rxd3 25. Qxa7 Ne8 26. Qa5 Nd6 27.
Qg5 f6 28. Qxf6 Qxf6 29. Bxf6 Ne4 30. Be5 Rxa3 31. Rd1 Rb3 32. Rd7 Rxb4 33.
Rg7+ Kf8 34. Rxh7 Rb5 35. Bd4 Ng5 36. Rh8+ Kf7 37. Be3 Ne4 38. Kg2 c5 39. Kf3
Nd6 40. g4 Nc4 41. Bf4 Na5 42. h4 c4 43. h5 gxh5 44. gxh5 Kg7 45. Rh6 Nc6 46.
Rg6+ Kh7 47. Rd6 Rxh5 48. Rd7+ Kg6 49. Rxb7 Nd4+ 50. Ke3 {...} 1-0

[Event "V Open A"]
[Site "Assisi ITA"]
[Date "2010.12.20"]
[Round "4"]
[White "Leon Hoyos, Manuel"]
[Black "Epishin, Vladimir V."]
[Result "1-0"]
[WhiteElo "2570"]
[BlackElo "2591"]
[PlyCount "125"]
[EventDate "2010.12.17"]

1. e4 c5 2. Nf3 a6 3. c3 e6 4. d4 d5 5. exd5 exd5 6. Be2 cxd4 7. Nxd4 Bd6 8.
O-O Ne7 9. Bg5 O-O 10. Nd2 Qc7 11. N2f3 Nbc6 12. Re1 h6 13. Be3 Nxd4 14. Bxd4
Re8 15. Qb3 Bf5 16. c4 Be4 17. Bb6 Qd7 18. Nd2 Bg6 19. g3 Rac8 20. Bf3 Bb8 21.
a4 dxc4 22. Nxc4 Nc6 23. Red1 Qe7 24. Bg4 Nb4 25. Bxc8 Rxc8 26. Rac1 Nc6 27.
Qe3 Qf6 28. Na5 Qxb2 29. Nxc6 bxc6 30. a5 Kh7 31. Qd4 Qb3 32. Rc3 Qb5 33. Qd7
Qh5 34. Rc5 Qe2 35. Qd2 Qf3 36. Rc3 Qf6 37. Rcc1 Re8 38. Re1 Rxe1+ 39. Rxe1 Be5
40. Re3 Bb2 41. h4 Be5 42. Qe2 Bc3 43. h5 Bf5 44. g4 Qg5 45. Rxc3 Bxg4 46. Qe3
Qxh5 47. Qe4+ Bf5 48. Qd4 Qe2 49. Rg3 f6 50. Qe3 Qd1+ 51. Kh2 Qh5+ 52. Kg2 Qf7
53. Bd4 Qd5+ 54. Kh2 Be4 55. f3 Bg6 56. Bc3 Qf5 57. Rg2 c5 58. Rb2 c4 59. Rb7
Qh5+ 60. Kg1 Bd3 61. Qf4 Qc5+ 62. Kg2 Qc6 63. Re7 1-0

[Event "V Open A"]
[Site "Assisi ITA"]
[Date "2010.12.20"]
[Round "4"]
[White "Marsili, Riccardo"]
[Black "Zenatto, Giuliano"]
[Result "1-0"]
[WhiteElo "1938"]
[BlackElo "1775"]
[PlyCount "37"]
[EventDate "2010.12.17"]

1. e4 e6 2. Nf3 d5 3. Nc3 Nf6 4. e5 Nfd7 5. d4 c5 6. dxc5 Bxc5 7. Bd3 O-O 8.
Bxh7+ Kxh7 9. Ng5+ Qxg5 10. Bxg5 Rh8 11. Qe2 a6 12. O-O-O Nc6 13. h4 Ncxe5 14.
h5 Kg8 15. h6 gxh6 16. f4 hxg5 17. fxg5 Nf8 18. Rxh8+ Kxh8 19. Qh5+ 1-0